000 00531nam a2200217Ia 4500
003 OSt
005 20220928150120.0
006 a|||||r|||| 00| 0
007 ta
008 220927b |||||||| |||| 00| 0 eng d
024 _a87974
037 _cTextual
040 _aSDCL
_cSDCL
_beng
041 _2eng
_aeng
082 _aO-,1L92:g, M4
100 _aLeighton Angela
245 0 _aShelley and the sublime.
260 _c1984
942 _hO-,1L92:g, M4
_cTEXL
_2CC
999 _c839937
_d839937